LEADER 01552nam a2200301 i 4500 001 000000118279 003 CaOOAMICUS 005 20091124154337.0 008 091124t2009 it m 000 0 ita c 020 $a978-88-7367-090-2 040 $aPUL$bita$dReb 111 2 $aSettimana Liturgica Nazionale$n(59 :$d2008 :$cPalermo).$0(OLS)http://pul/name/73849 245 10$aCelebrare per avere parte al mistero di Cristo :$bla partecipazione alla liturgia /$cA cura del Centro di Azione Liturgica. 260 $aRoma :$bC.L.V. Edizioni liturgiche,$cİ2009. 300 $a266 p. ;$c24 cm 490 1 $aBibliotheca "Ephemerides liturgicae".$aSectio pastoralis ;$v29 500 $aIn testa al front.: 56a Settimana Liturgica Nazionale. Palermo, 25-29 agosto 2008. 504 $aBibliografia in nota. 650 4$aLiturgia.$0(OLS)http://pul/subject/2437 650 4$aEucaristia$xLiturgia.$0(OLS)http://pul/subject/17405 710 2 $aCentro di azione liturgica.$0(OLS)http://pul/name/19924 830 0$aBibliotheca "Ephemerides liturgicae".$pSectio pastoralis ;$v29.$0(OLS)http://pul/title/148777 850 $aPUL 852 $aPUL$W1$xSL Religione 3$y85$m248. 3 CLV 1.59$j135699$qDDC 21$B134689$CPULBib$Z2$F134689 $H111194 $82 941 1 $a9 996 $6020$a978-88-7367-090-2$9(OLS)http://pul/number/142499 996 $6245$aCelebrare per avere parte al mistero di Cristo :$bla partecipazione alla liturgia$9(OLS)http://pul/title/148851 996 $6260$aRoma :$bC.L.V. Edizioni liturgiche$9(OLS)http://pul/publisher/51216 LEADER 01395nam a2200325 a 4500 001 000000133276 003 CaOOAMICUS 005 20130325133402.0 008 130325s2005 it u000 u ita r 020 $a88-10-22126-5 040 $aPUL$bita 041 1 $aita$hfre 082 04$a220 100 1 $aSimoens, Yves.$0(OLS)http://pul/name/13570 240 10$aCantique des Cantiques.$lItaliano.$0(OLS)http://pul/title/168417 245 13$aIl libro della pienezza: Il Cantico dei Cantici :$buna lettura antropologica e teologica /$cYves Simoens. 260 $aBologna :$bEDB,$cİ2005. 300 $a206 p. ;$c21 cm. 490 1 $aCollana biblica 504 $aBibliografia p. [199]-201. 630 04$aBiblia.$pV.T.$pCanticum canticorum$xCritica e interpretazione.$0(OLS)http://pul/subject/687 830 0$aCollana biblica (Edizioni Dehoniane).$0(OLS)http://pul/title/43126 850 $aPUL 852 $aPUL$W1$xSL Religione 3$y85$m220 COLL 6.6$j153191$qDDC 21$B152723$CPULBib$Z2$F152723 $H122005 $82 941 1 $a9 996 $6020$a88-10-22126-5$9(OLS)http://pul/number/152221 996 $6082$a220$9(OLS)http://pul/classification/523 996 $6245$aIl libro della pienezza: Il Cantico dei Cantici :$buna lettura antropologica e teologica$9(OLS)http://pul/title/168418 996 $6260$aBologna :$bEDB$9(OLS)http://pul/publisher/56073